Months of the Year in 7 languages - Statistics

General Stats
  • This quiz has been taken 221 times
  • The average score is 53 of 84
Answer Stats
Hint Answer % Correct
April
99%
April
99%
April
99%
July
99%
March
99%
August
98%
August
98%
Februar
98%
German Januar
98%
May
98%
November
98%
November
98%
November
98%
October
98%
September
98%
September
98%
September
98%
December
97%
December
97%
February
97%
English January
97%
June
97%
Juli
90%
Juli
90%
Juni
85%
Juni
85%
Mai
85%
Mai
85%
März
79%
Octobre
77%
Decembre
76%
Novembre
76%
Novembre
76%
Oktober
74%
Oktober
74%
Septembre
73%
Mars
70%
Marzo
63%
Marzo
63%
Avril
62%
Julio
62%
Mayo
62%
Agosto
60%
Agosto
60%
Agosto
60%
Abril
58%
Abril
58%
Junio
58%
French Janvier
57%
Noviembre
57%
Septiembre
57%
Spanish Enero
55%
Février
55%
Dezember
54%
Febrero
54%
Août
53%
Diciembre
51%
Juin
50%
Juillet
49%
Octubre
48%
Dutch Januari
41%
Februari
39%
Aprile
35%
Maio
35%
Augustus
32%
Ottobre
30%
Settembre
30%
Dicembre
29%
Maart
28%
Mei
28%
Italian Gennaio
27%
Portuguese Janeiro
26%
Maggio
26%
Febbraio
25%
Março
25%
Giugno
23%
Luglio
23%
Julho
21%
Junho
21%
Novembro
21%
Setembro
20%
Fevereiro
19%
Dezembro
17%
Outubro
17%
No matching quizzes found
Score Distribution
Percent of People with Each Score
Percentile by Number Answered
Your Score History
You have not taken this quiz